1941 1725 1517 1425 1738 1818 1383 1202 1280 1614 1682 1239 1678 1646 1560 1115 1643 1065 1620 1904 1568 1818 1948 1113 1804 1041 1832 1449 1738 1198 1591 1798 1152 1393 1354 1129 1017 1873 1969 1193 1715 1258 1516 1056 1802 1551 1567 1626 1212 1492 1316 1489 1570 1299 1348 1310 1727 1609 1276 1496 1920 1469 1395 1206 1114 1174 1320 1764 1024 1427 1554 1436 1307 1523 1711 1660 1065 1116 1224 1067 1020 1769 1905 1230 1595 1303 1396 1430 1786 1285 1972 1127 1074 1497 1566 1638 1807 1928 1939 BCNSPRNW ULIB Ver.6.0+V

เปลี่ยนเป็นภาษาไทย

Change to English
 แสดงรายละเอียดบรรณานุกรม
  กลับหน้าหลัก

Brief Record : Get Marc (ISO 2709) : E-mail record : QR code < ปิดหน้าต่าง
LEADER : 00000nam 2200000uu 4500
001    13399109017
003     ULIB
008    110318s2545||||th 000 0 tha d
020    9749580397
060  4 WY20.5^bก343ว 2545
100 0  กนกอร บุญมาก
110 1  สำนักงานปลัดกระทรวงสาธารณสุข^bกองการพยาบาล
245 00 วิจัยทางการพยาบาล/^cบรรณาธิการโดย เพียงใจ มีไพฑูรย์, พัชรี เนียมศรี, นิตยาจาร กิตติเดชา และภัทรพร สุขบุษย
260    นนทบุรี:^bเอส.ที.พี กราฟฟิค^c2545
300    199 หน้า :^bตาราง
650  7 การพยาบาล^xวิจัย
945    ^p0^l0^i015745
995    เกษร
999 ^a ใช้งานได้ทุกระบบ
รายการนี้ยังไม่มีแท็ก
คุณยังไม่ได้ล็อกอิน คุณสามารถมีกิจกรรมร่วมกับเว็บไซต์ได้ แต่ต้องล็อกอินก่อน ::
  ล็อกอิน

รายการสื่อสารสนเทศ

ลำดับที่ ประเภท เลขเรียก/บาร์โค้ด สถานที่ สถานะ
- ไม่พบข้อมูล -

BibComment


ยังไม่เคยถูกคอมเมนท์

คอมเมนท์ทรัพยากรรายการนี้
  คอมเมนท์: วิจัยทางการพยาบาล..


 Copyright 2026. Bcnsprnw @Library